The complete English poems
Shranjeno v:
| Glavni avtor: | |
|---|---|
| Format: | Knjiga |
| Jezik: | Undetermined |
| Izdano: |
New York
Everyman's Library
1991
|
| Teme: | |
| Oznake: |
Označite
Brez oznak, prvi označite!
|
| Thư viện lưu trữ: | Trung tâm Học liệu Trường Đại học Cần Thơ |
|---|
| LEADER | 00481nam a2200181Ia 4500 | ||
|---|---|---|---|
| 001 | CTU_13736 | ||
| 008 | 210402s9999 xx 000 0 und d | ||
| 082 | |a 821.3 | ||
| 082 | |b D685 | ||
| 100 | |a J Donne | ||
| 245 | 4 | |a The complete English poems | |
| 245 | 0 | |c J Donne | |
| 260 | |a New York | ||
| 260 | |b Everyman's Library | ||
| 260 | |c 1991 | ||
| 650 | |a english poetry | ||
| 904 | |i Nguyễn Quang Điền, 961212 | ||
| 980 | |a Trung tâm Học liệu Trường Đại học Cần Thơ | ||